000 00631nam a2200241Ia 4500
003 OSt
005 20220924122116.0
006 a|||||r|||| 00| 0
007 ta
008 220923b |||||||| |||| 00| 0 urd d
020 _c20
024 _a314444
037 _cTextual
040 _aARTS
_cARTS
_burd
041 _2urd
_aurd
082 _aO168,1N157x, M3
100 _aShareef Sanam
_9188331
245 0 _aMizrab-e-jaan
260 _aLahore
_bHamdani Kutub Khanah Pakistan
_c1983
650 _aURDU POETRY
942 _hO168,1N157x, M3
_cTEXL
_2CC
999 _c410293
_d410293